[Event "Rilton Cup 2013-14"]
[Site "Stockholm SWE"]
[Date "2014.01.01"]
[Round "5.2"]
[White "Goganov, Aleksey"]
[Black "Krasenkow, Michal"]
[Result "1/2-1/2"]
[WhiteTitle "GM"]
[BlackTitle "GM"]
[WhiteElo "2581"]
[BlackElo "2633"]
[WhiteFideId "24109959"]
[BlackFideId "1113100"]
[EventDate "2013.12.27"]

1. d4 d5 2. c4 c6 3. Nf3 dxc4 4. e3 Be6 5. a4 Nf6 6. a5 g6 7. Nbd2 Bg7 8. Nxc4
c5 9. Be2 Nc6 10. a6 b5 11. Nce5 Nxe5 12. dxe5 Qxd1+ 13. Kxd1 Ng4 14. Bxb5+ Bd7
15. Bxd7+ Kxd7 16. Ke2 Nxe5 17. Nxe5+ Bxe5 18. Ra5 Rhc8 19. Rd1+ Ke6 20. f4 Bg7
21. e4 Bd4 22. Rd3 Rab8 23. b3 Rc6 24. Be3 Bxe3 25. Kxe3 Rb4 26. g4 Rd6 27. f5+
Kd7 28. Rxc5 Rxd3+ 29. Kxd3 Rxb3+ 30. Kc4 Rb6 31. Rd5+ Ke8 32. Ra5 f6 33. h4
gxf5 34. exf5 h5 35. gxh5 Kf7 36. Ra1 Kg7 37. Re1 Rxa6 38. Rxe7+ Kh6 39. Re6 Rb6
40. Kd5 Kxh5 41. Rxb6 axb6 42. Ke6 b5 1/2-1/2

[Event "Rilton Cup 2013-14"]
[Site "Stockholm SWE"]
[Date "2014.01.01"]
[Round "5.3"]
[White "Lintchevski, Daniil"]
[Black "Hammer, Jon Ludvig"]
[Result "0-1"]
[WhiteTitle "GM"]
[BlackTitle "GM"]
[WhiteElo "2541"]
[BlackElo "2612"]
[WhiteFideId "4171055"]
[BlackFideId "1503707"]
[EventDate "2013.12.27"]

1. Nf3 d5 2. d4 Nf6 3. c4 e6 4. e3 b6 5. b3 Bd6 6. Nbd2 O-O 7. Bb2 Bb7 8. cxd5
exd5 9. Bd3 Ne4 10. O-O Qe7 11. Rc1 a6 12. Ne5 f6 13. Bxe4 dxe4 14. Nec4 b5 15.
Nxd6 cxd6 16. Qc2 a5 17. Qc7 Qxc7 18. Rxc7 Rf7 19. Rxf7 Kxf7 20. f3 d5 21. fxe4
dxe4 22. Rf5 Bc6 23. d5 Kg6 24. g4 Bd7 25. Rf4 Na6 26. Rxe4 Rc8 27. Nf3 Nb4 28.
Nh4+ Kf7 29. d6 Nd5 30. Ng2 Rc2 31. Nf4 Nxf4 32. Re7+ Kg6 33. exf4 Bxg4 34. Bd4
Rd2 35. Bb6 Rxd6 36. Bxa5 Ra6 37. b4 Rd6 38. Rb7 Rd1+ 39. Kf2 Rd2+ 40. Kg3 Bd7
41. Bb6 h5 42. Be3 h4+ 43. Kxh4 Rd3 0-1

[Event "Rilton Cup 2013-14"]
[Site "Stockholm SWE"]
[Date "2014.01.01"]
[Round "5.4"]
[White "Piorun, Kacper"]
[Black "Smirnov, Artem"]
[Result "1-0"]
[WhiteTitle "GM"]
[BlackTitle "IM"]
[WhiteElo "2560"]
[BlackElo "2418"]
[WhiteFideId "1130420"]
[BlackFideId "4143256"]
[EventDate "2013.12.27"]

1. c4 Nf6 2. g3 e5 3. Bg2 Nc6 4. Nc3 Bb4 5. Nd5 Bc5 6. e3 O-O 7. Ne2 a6 8. O-O
d6 9. b3 Ba7 10. Bb2 Nxd5 11. cxd5 Ne7 12. d4 f6 13. Rc1 Bd7 14. Qd2 Rc8 15. Rc2
Ng6 16. Rfc1 f5 17. dxe5 dxe5 18. Ba3 Re8 19. Bc5 Bxc5 20. Rxc5 e4 21. Qc3 c6
22. dxc6 Rxc6 23. Rxc6 Bxc6 24. Nd4 Ne5 25. Nxf5 Qf6 26. Nd4 Bd5 27. Qc5 Rd8 28.
Rd1 Ng4 29. Qc2 Rf8 30. Rd2 Qh6 31. h3 Nxf2 32. Rxf2 Qxe3 33. Qd2 Qxg3 34. Rxf8+
Kxf8 35. Qf2+ Qxf2+ 36. Kxf2 e3+ 37. Kg3 Bxg2 38. Kxg2 Kf7 39. Kf3 Kf6 40. Kxe3
g5 41. Ke4 h5 42. Nf5 1-0

[Event "Rilton Cup 2013-14"]
[Site "Stockholm SWE"]
[Date "2014.01.01"]
[Round "5.5"]
[White "Urkedal, Frode"]
[Black "Krupenski, Juri"]
[Result "1-0"]
[WhiteTitle "IM"]
[BlackTitle "FM"]
[WhiteElo "2492"]
[BlackElo "2300"]
[WhiteFideId "1506102"]
[BlackFideId "4501101"]
[EventDate "2013.12.27"]

1. d4 Nf6 2. c4 e6 3. Nc3 Bb4 4. Qc2 c5 5. dxc5 O-O 6. Nf3 Na6 7. g3 Nxc5 8. Bg2
b6 9. O-O Ba6 10. Nb5 Bxb5 11. cxb5 Rc8 12. Qc4 Nd5 13. e4 Nb7 14. Qd3 Nc7 15.
a3 Be7 16. b4 Nd6 17. Nd4 Bf6 18. a4 Nce8 19. f4 Nc4 20. e5 Be7 21. Rd1 Qc7 22.
Qb3 f6 23. Nc6 dxc6 24. Qxc4 cxb5 25. Qxe6+ Kh8 26. Rd7 Qc3 27. Qxe7 Rg8 28. Rb1
Qe1+ 29. Bf1 Rc2 30. Bd2 Qxb1 31. Rd8 Rxd2 32. Rxd2 fxe5 33. fxe5 Qc1 34. Rf2
bxa4 35. Rf8 Qe3+ 36. Kh1 Qe4+ 37. Kg1 Qe3+ 38. Kg2 Qd2+ 39. Kh3 Qh6+ 40. Kg2
Qd2+ 41. Kh3 Qh6+ 42. Kg4 Qg6+ 43. Kf3 h5 44. Ke3 Qh6+ 45. Kd4 Qd2+ 46. Bd3 Qb2+
47. Ke3 Qc1+ 48. Ke2 Qc6 49. Qf7 Qg2+ 50. Kd1 Qg1+ 51. Kc2 Qg2+ 52. Kb1 Qg1+ 53.
Ka2 1-0

[Event "Rilton Cup 2013-14"]
[Site "Stockholm SWE"]
[Date "2014.01.01"]
[Round "5.6"]
[White "Sagit, Rauan"]
[Black "Semcesen, Daniel"]
[Result "1/2-1/2"]
[WhiteTitle "FM"]
[BlackTitle "IM"]
[WhiteElo "2369"]
[BlackElo "2488"]
[WhiteFideId "1708376"]
[BlackFideId "1706993"]
[EventDate "2013.12.27"]

1. e4 e5 2. Nf3 Nc6 3. Bb5 a6 4. Ba4 Nf6 5. d3 Bc5 6. O-O d6 7. c3 Ba7 8. Be3
O-O 9. Bxa7 Nxa7 10. Re1 c5 11. Nbd2 Be6 12. Bb3 Nc6 13. Nf1 Qd7 14. Ne3 Rae8
15. Bxe6 Qxe6 16. c4 Qd7 17. Qd2 g6 18. Nd5 Nxd5 19. cxd5 Nd4 20. Nxd4 cxd4 21.
Rac1 Rc8 22. h4 Rxc1 23. Rxc1 Rc8 24. h5 Rxc1+ 25. Qxc1 Kg7 26. f3 Qd8 27. hxg6
hxg6 28. g3 Qd7 29. Kg2 Qb5 30. Qd2 Qa4 31. a3 Qd7 1/2-1/2

[Event "Rilton Cup 2013-14"]
[Site "Stockholm SWE"]
[Date "2014.01.01"]
[Round "5.8"]
[White "Volkov, Sergey"]
[Black "Bejtovic, Jasmin"]
[Result "1-0"]
[WhiteTitle "GM"]
[BlackTitle "IM"]
[WhiteElo "2623"]
[BlackElo "2402"]
[WhiteFideId "4122763"]
[BlackFideId "14400936"]
[EventDate "2013.12.27"]

1. d4 Nf6 2. c4 g6 3. Nc3 Bg7 4. e4 d6 5. Be2 O-O 6. Nf3 c5 7. d5 e6 8. Bg5 h6
9. Be3 exd5 10. cxd5 a6 11. a4 Bg4 12. Nd2 Bxe2 13. Qxe2 Nbd7 14. O-O Re8 15.
Kh1 Rc8 16. a5 Nh7 17. Nc4 Qe7 18. Rae1 Ne5 19. Nb6 Rcd8 20. f4 Nd7 21. Nc4 f5
22. exf5 gxf5 23. Qh5 Qf6 24. Bf2 Qf8 25. Bh4 Rc8 26. Re6 1-0

[Event "Rilton Cup 2013-14"]
[Site "Stockholm SWE"]
[Date "2014.01.01"]
[Round "5.9"]
[White "Tsyhanchuk, Stanislav"]
[Black "Hillarp Persson, Tiger"]
[Result "0-1"]
[WhiteTitle "IM"]
[BlackTitle "GM"]
[WhiteElo "2398"]
[BlackElo "2551"]
[WhiteFideId "13505130"]
[BlackFideId "1700812"]
[EventDate "2013.12.27"]

1. e4 g6 2. d4 Bg7 3. g3 c5 4. dxc5 Qa5+ 5. c3 Qxc5 6. Be3 Qc7 7. Bg2 Nf6 8. h3
O-O 9. Ne2 d6 10. O-O a6 11. Nd2 Nbd7 12. Qc2 Rb8 13. a4 b6 14. Nf4 e6 15. g4 h6
16. Ne2 e5 17. Rfd1 Bb7 18. Nf1 Nc5 19. Nfg3 Rfd8 20. b4 Ne6 21. a5 bxa5 22.
Rxa5 Rbc8 23. Qa2 Bf8 24. b5 axb5 25. Rxb5 Re8 26. Rdb1 Bc6 27. Ra5 Ra8 28. Ra7
Rxa7 29. Qxa7 Qxa7 30. Bxa7 Ra8 31. Be3 Ra4 32. f3 d5 33. exd5 Nxd5 34. Bf2 Ndf4
35. Nxf4 Nxf4 36. Be3 Nxg2 37. Kxg2 Ra2+ 38. Kf1 Bxf3 39. Rb8 Ra8 40. Rxa8 Bxa8
41. Kf2 f6 42. h4 Bb7 43. h5 Bc8 44. Kf3 f5 45. gxf5 gxf5 46. Bb6 Kf7 47. c4 Ke6
48. Nf1 Bb7+ 49. Kf2 f4 50. Nd2 Kf5 51. Nb3 e4 52. Nd4+ Kg4 53. Ne6 Be7 54. Nxf4
Kxf4 55. Be3+ Kg4 56. Bxh6 Bc5+ 57. Ke2 Kxh5 0-1

[Event "Rilton Cup 2013-14"]
[Site "Stockholm SWE"]
[Date "2014.01.01"]
[Round "5.10"]
[White "Cramling, Pia"]
[Black "Hammar, Bengt"]
[Result "1-0"]
[WhiteTitle "GM"]
[BlackTitle "FM"]
[WhiteElo "2525"]
[BlackElo "2234"]
[WhiteFideId "1700030"]
[BlackFideId "1700391"]
[EventDate "2013.12.27"]

1. Nf3 Nf6 2. c4 g6 3. Nc3 c5 4. d4 cxd4 5. Nxd4 Nc6 6. g3 Bg7 7. Bg2 O-O 8. O-O
Nxd4 9. Qxd4 d6 10. Qd3 Bf5 11. e4 Be6 12. Bd2 a6 13. b3 Rb8 14. Rac1 Qd7 15. a4
Bh3 16. Rfe1 Bxg2 17. Kxg2 Rfc8 18. h3 Qe8 19. Bg5 h6 20. Be3 Nd7 21. Nd5 Kh7
22. a5 Nc5 23. Qb1 Rd8 24. b4 Nd7 25. Qb3 e6 26. Nb6 Bf6 27. Red1 Nxb6 28. Bxb6
Rd7 29. Rd3 Bd8 30. Rcd1 Bxb6 31. axb6 Rbd8 32. Rd4 d5 33. exd5 exd5 34. Rxd5
Rxd5 35. Rxd5 Rxd5 36. cxd5 Qb5 37. d6 Kg7 38. Qc3+ Kh7 39. Qf6 Qd5+ 40. Qf3
Qxd6 41. Qxf7+ Kh8 42. Qxb7 Qxb4 43. Qc6 1-0

[Event "Rilton Cup 2013-14"]
[Site "Stockholm SWE"]
[Date "2014.01.01"]
[Round "5.11"]
[White "Furhoff, Johan"]
[Black "Blomqvist, Erik"]
[Result "1-0"]
[WhiteTitle "IM"]
[BlackTitle "GM"]
[WhiteElo "2318"]
[BlackElo "2519"]
[WhiteFideId "1701797"]
[BlackFideId "1709437"]
[EventDate "2013.12.27"]

1. e4 c5 2. Nf3 d6 3. d4 cxd4 4. Nxd4 Nf6 5. Nc3 a6 6. Bg5 e6 7. f4 Qb6 8. Qd3
Nc6 9. O-O-O Nxd4 10. Qxd4 Qxd4 11. Rxd4 Bd7 12. Be2 Bc6 13. Bf3 Be7 14. Rhd1
O-O-O 15. a4 h6 16. Bxf6 Bxf6 17. Rxd6 Rxd6 18. Rxd6 Bxc3 19. bxc3 Bxa4 20. e5
Kc7 21. c4 a5 22. Kb2 Ra8 23. h4 Ra7 24. Be4 Bc6 25. Bxc6 bxc6 26. Rd3 Kb6 27.
h5 Kc5 28. Rg3 Kxc4 29. Rxg7 Rb7+ 30. Ka2 Kc3 31. Rg8 Rb2+ 32. Ka3 Rxc2 33. g4
Rc1 34. Ka2 Kd4 35. Rg7 Rg1 36. g5 hxg5 37. fxg5 Kxe5 38. h6 Rg2+ 39. Kb3 Rg4
40. h7 Rh4 41. Rxf7 1-0

[Event "Rilton Cup 2013-14"]
[Site "Stockholm SWE"]
[Date "2014.01.01"]
[Round "5.12"]
[White "Hansen, Torbjorn Ringdal"]
[Black "Ask, Josef"]
[Result "1-0"]
[WhiteTitle "IM"]
[WhiteElo "2473"]
[BlackElo "2209"]
[WhiteFideId "1501720"]
[BlackFideId "1704583"]
[EventDate "2013.12.27"]

1. e4 e5 2. Nf3 Nc6 3. Bb5 Nge7 4. Nc3 Ng6 5. d4 exd4 6. Nxd4 Bc5 7. Be3 Bxd4 8.
Bxd4 O-O 9. Be3 d6 10. Qd2 a6 11. Be2 f5 12. exf5 Bxf5 13. h3 Be6 14. O-O-O Qf6
15. Kb1 Nf4 16. Bf3 Ne5 17. Nd5 Nxd5 18. Bxd5 Nc4 19. Bxc4 Bxc4 20. h4 Be6 21.
h5 h6 22. g4 Rf7 23. Rdg1 Qf3 24. b3 Bxg4 25. Qd4 Bxh5 26. Bxh6 g6 27. Bc1 Rh7
28. Bb2 Qf5 29. Rxh5 Qxh5 30. Qe4 Kf7 31. Qxb7 Re8 32. Qxc7+ Re7 33. Qxd6 Re6
34. Qc7+ Ke8 35. Qc8+ Kf7 36. Ba3 Qh6 37. Qd7+ Kf6 38. Bb2+ 1-0

[Event "Rilton Cup 2013-14"]
[Site "Stockholm SWE"]
[Date "2014.01.01"]
[Round "5.13"]
[White "Luukkonen, Tommi"]
[Black "Lauber, Arnd"]
[Result "1-0"]
[WhiteTitle "FM"]
[BlackTitle "IM"]
[WhiteElo "2285"]
[BlackElo "2448"]
[WhiteFideId "501808"]
[BlackFideId "4632630"]
[EventDate "2013.12.27"]

1. c4 e6 2. g3 Nf6 3. Bg2 d5 4. Nf3 d4 5. O-O c5 6. e3 Nc6 7. Re1 Bd6 8. d3 O-O
9. exd4 cxd4 10. Bg5 h6 11. Bxf6 Qxf6 12. Nbd2 Qd8 13. a3 a5 14. Rc1 a4 15. c5
Be7 16. Rc4 Qa5 17. Qc2 Rd8 18. b4 axb3 19. Nxb3 Qxa3 20. Ra1 Qxa1+ 21. Nxa1
Rxa1+ 22. Bf1 e5 23. Qb2 Ra5 24. Qb6 Be6 25. Rc1 Rb8 26. Bg2 Ra3 27. Nd2 Bd8 28.
Qb5 Rc3 29. Rb1 Rc8 30. Ne4 Rc2 31. Nd6 Rc7 32. Nxb7 Bd7 33. Bd5 Ne7 34. Bxf7+
Kf8 35. Qb6 Rxb7 36. Qxb7 Bc6 37. Qb8 Kxf7 38. Qxd8 Rxc5 39. Re1 Bb5 40. f4 1-0

[Event "Rilton Cup 2013-14"]
[Site "Stockholm SWE"]
[Date "2014.01.01"]
[Round "5.14"]
[White "Socko, Monika"]
[Black "Lindgren, Philip"]
[Result "1-0"]
[WhiteTitle "GM"]
[BlackTitle "FM"]
[WhiteElo "2440"]
[BlackElo "2301"]
[WhiteFideId "1106619"]
[BlackFideId "1713230"]
[EventDate "2013.12.27"]

1. d4 d5 2. c4 c6 3. Nf3 Nf6 4. e3 Bf5 5. Nc3 e6 6. Nh4 Bg6 7. Nxg6 hxg6 8. Bd2
Nbd7 9. g3 Be7 10. b3 e5 11. cxd5 exd4 12. exd4 Nxd5 13. Nxd5 cxd5 14. Bg2 Nf6
15. O-O O-O 16. Re1 Qd7 17. Bg5 Rfe8 18. Qd3 Ne4 19. Bxe7 Rxe7 20. Bxe4 Rae8 21.
f3 Kh8 22. Re2 dxe4 23. Rxe4 f5 24. Rxe7 Qxe7 25. Rd1 f4 26. gxf4 Qd6 27. d5 Rf8
28. Re1 Rf5 29. Re5 Rxf4 30. Re8+ Kh7 31. Re6 Qc5+ 32. Kf1 Rf5 33. d6 Rg5 34.
Qe3 Qb5+ 35. Kf2 Rh5 36. Qf4 Qc5+ 37. Kf1 Qd5 38. Re4 Qd1+ 39. Re1 Qd3+ 40. Kf2
Rf5 41. Qh4+ Rh5 42. Qg3 Qd5 43. Re2 Rg5 44. Qh4+ Rh5 45. Qf4 Rf5 46. Rd2 Qc6
47. Qe3 Rf7 48. Rd4 Kg8 49. d7 1-0

[Event "Rilton Cup 2013-14"]
[Site "Stockholm SWE"]
[Date "2014.01.01"]
[Round "5.17"]
[White "Ramondino, Renzo"]
[Black "Mihok, Oliver"]
[Result "1-0"]
[WhiteTitle "FM"]
[BlackTitle "IM"]
[WhiteElo "2242"]
[BlackElo "2466"]
[WhiteFideId "810304"]
[BlackFideId "728012"]
[EventDate "2013.12.27"]

1. e4 c5 2. Nf3 Nc6 3. Bb5 Qb6 4. Nc3 e6 5. Bxc6 Qxc6 6. d4 Nf6 7. d5 Qa6 8. a4
d6 9. Nb5 Qa5+ 10. Bd2 Qb6 11. Qe2 Be7 12. Nc3 O-O 13. O-O Re8 14. a5 Qd8 15.
Qc4 exd5 16. Nxd5 Be6 17. Ng5 Bxd5 18. exd5 Qd7 19. Qd3 h6 20. Nf3 Bf8 21. Rfe1
g6 22. h3 Bg7 23. c4 Nh5 24. Qc2 b5 25. axb6 axb6 26. Rxe8+ Rxe8 27. Qa4 Qc8 28.
Qb5 Nf6 29. Qxb6 Ne4 30. Be3 g5 31. Ra7 Qf5 32. b4 cxb4 33. Qxb4 h5 34. Qb7 g4
35. Nh4 Qf6 36. Bd4 Qf4 37. Be3 Qf6 38. hxg4 Nc5 39. g5 Nxb7 40. gxf6 Bxf6 41.
Nf5 Rb8 42. Bf4 Be5 43. Bxe5 dxe5 44. Ne7+ Kf8 45. Nc6 1-0

[Event "Rilton Cup 2013-14"]
[Site "Stockholm SWE"]
[Date "2014.01.01"]
[Round "5.18"]
[White "Akesson, Ralf"]
[Black "Trygstad, Kristian"]
[Result "1-0"]
[WhiteTitle "GM"]
[BlackTitle "FM"]
[WhiteElo "2448"]
[BlackElo "2228"]
[WhiteFideId "1700120"]
[BlackFideId "1501860"]
[EventDate "2013.12.27"]

1. Nf3 e6 2. c4 f5 3. g3 Nf6 4. Bg2 Be7 5. O-O O-O 6. b3 d6 7. d4 Ne4 8. Bb2 Bf6
9. Ne1 Nc6 10. e3 a5 11. f3 Ng5 12. Nc3 d5 13. Nd3 Nb4 14. Nf4 c6 15. Nh5 Be7
16. a3 Na6 17. e4 e5 18. cxd5 exd4 19. Na4 c5 20. e5 b5 21. d6 bxa4 22. dxe7
Qxe7 23. f4 Ne4 24. g4 Rb8 25. gxf5 Bxf5 26. Qe2 Qf7 27. Bxe4 Bxe4 28. Ng3 Bb7
29. e6 Qf6 30. Rae1 Rfe8 31. f5 Nc7 32. Qc4 Ba6 33. Qxc5 Bxf1 34. Rxf1 Rxb3 35.
Bxd4 Qe7 36. Qe5 Rd8 37. Bc5 Rd5 38. Bxe7 Rxe5 39. Bd6 Rxe6 40. fxe6 Nxe6 41.
Re1 Kf7 42. Re5 Nd4 43. Rxa5 Rb2 44. Kf1 Rxh2 45. Nf5 Rh1+ 46. Kg2 Rd1 47. Nxd4
Rxd4 48. Bb4 Ke6 49. Kf3 g6 50. Rxa4 h5 51. Ra5 h4 52. Rc5 Rd5 53. Rc8 h3 54.
Kg3 Rd3+ 55. Kh2 g5 56. a4 g4 57. a5 Kd7 58. Rc4 Rb3 59. Rxg4 Kc6 60. Be1 Kb5
61. Rg6 Ra3 62. Rb6+ Kc4 63. Rb2 Kd5 64. Bb4 Ra1 65. Kxh3 Kc6 66. Bd2 Ra4 67.
Kg3 Re4 68. Kf3 Re7 69. Be3 Rb7 70. Ra2 Kb5 71. a6 Rb8 72. Rb2+ 1-0

[Event "Rilton Cup 2013-14"]
[Site "Stockholm SWE"]
[Date "2014.01.01"]
[Round "5.19"]
[White "Soderberg, Per"]
[Black "Bellon Lopez, Juan Manuel"]
[Result "0-1"]
[BlackTitle "GM"]
[WhiteElo "2183"]
[BlackElo "2382"]
[WhiteFideId "1702904"]
[BlackFideId "2200031"]
[EventDate "2013.12.27"]

1. e4 c5 2. Nf3 e6 3. d4 cxd4 4. Nxd4 a6 5. Be3 Nf6 6. Nd2 Qc7 7. f4 d6 8. Be2
Nbd7 9. O-O b6 10. Bf3 Bb7 11. Re1 Rc8 12. c3 Be7 13. Rc1 Qb8 14. b4 O-O 15. a4
Rfe8 16. Qb3 Bf8 17. Ne2 g6 18. c4 Qa8 19. Nc3 a5 20. b5 Nc5 21. Bxc5 Rxc5 22.
e5 dxe5 23. fxe5 Rd8 24. Bxb7 Qxb7 25. Nde4 Ng4 26. Nf6+ Nxf6 27. exf6 Rf5 28.
Ne4 Rd4 29. Qc2 Rf4 30. Ng3 Bc5 31. Kh1 Rh4 32. Nf1 Rdf4 33. Red1 Rxf6 34. Rd8+
Kg7 35. Qc3 Rf4 36. Nd2 Bb4 37. Qe5 Rf5 38. Qb2 Rf2 39. Rg1 Qc7 40. Rd3 Qf4 0-1

[Event "Rilton Cup 2013-14"]
[Site "Stockholm SWE"]
[Date "2014.01.01"]
[Round "5.20"]
[White "Poley, Vladimir"]
[Black "Jonsson, Emil"]
[Result "1-0"]
[WhiteTitle "IM"]
[WhiteElo "2300"]
[BlackElo "2076"]
[WhiteFideId "13500090"]
[BlackFideId "1712268"]
[EventDate "2013.12.27"]

1. d4 f5 2. g3 Nf6 3. Bg2 g6 4. b4 Bg7 5. Bb2 O-O 6. Nd2 d5 7. c4 e6 8. Nh3 Qe7
9. a4 Nbd7 10. O-O Ne4 11. Nxe4 fxe4 12. Qb3 Nf6 13. b5 Rd8 14. Ba3 Qe8 15. Rac1
c6 16. f4 Bd7 17. bxc6 Bxc6 18. cxd5 exd5 19. a5 Bb5 20. Rfe1 Qd7 21. Nf2 Bc4
22. Qc3 Re8 23. Bh3 Qc6 24. e3 b5 25. g4 Rab8 26. g5 Nd7 27. Bg4 Bf8 28. Bb4 Rb7
29. Bd1 Nb8 30. Ng4 Bg7 31. Rb1 Na6 32. Ne5 Bxe5 33. dxe5 Nxb4 34. Rxb4 Rc8 35.
Bg4 Rcc7 36. Rc1 Qc5 37. h4 Rc6 38. Kf2 Ra6 39. Ra1 Qc7 40. Kg3 Bd3 41. Qd4 Bc4
42. h5 Qe7 43. Bc8 Rxa5 44. Bxb7 Rxa1 45. Bxd5+ Bxd5 46. Qxd5+ Qf7 47. Qd8+ Kg7
48. h6# 1-0

[Event "Rilton Cup 2013-14"]
[Site "Stockholm SWE"]
[Date "2014.01.01"]
[Round "5.21"]
[White "Bit-Narva, David"]
[Black "Nielsen, Rogvi Egilstoft"]
[Result "0-1"]
[WhiteElo "1877"]
[BlackElo "2252"]
[WhiteFideId "24128856"]
[BlackFideId "7200447"]
[EventDate "2013.12.27"]

1. d4 Nf6 2. Nc3 d5 3. Bg5 Nbd7 4. f3 c5 5. dxc5 Qa5 6. Qd2 e6 7. e4 Bxc5 8.
exd5 exd5 9. Qe2+ Be7 10. Qb5 Qd8 11. Bxf6 Bxf6 12. Nxd5 O-O 13. O-O-O a6 14.
Nxf6+ Qxf6 15. Qd5 Ne5 16. Qd6 Be6 17. Re1 Nc6 18. Ne2 Rfd8 19. Qf4 Qe7 20. Nc3
b5 21. Bd3 Rac8 22. Bf5 Qf6 23. g4 Nd4 24. Ne4 Rxc2+ 25. Kb1 Qe7 26. Ng5 Rxb2+
27. Kxb2 Qb4+ 28. Kc1 Nb3+ 0-1

[Event "Rilton Cup 2013-14"]
[Site "Stockholm SWE"]
[Date "2014.01.01"]
[Round "5.22"]
[White "Sjodahl, Pontus"]
[Black "Orndahl, Markus"]
[Result "1-0"]
[WhiteTitle "IM"]
[WhiteElo "2420"]
[BlackElo "2206"]
[WhiteFideId "1700537"]
[BlackFideId "1709135"]
[EventDate "2013.12.27"]

1. d4 d5 2. c4 c6 3. Nf3 Nf6 4. Nc3 a6 5. c5 Nbd7 6. Bf4 g6 7. h3 Bg7 8. e3 O-O
9. Bd3 Re8 10. Bh2 b6 11. b4 b5 12. a4 Bb7 13. O-O bxa4 14. Rxa4 Nh5 15. g4 e5
16. gxh5 e4 17. hxg6 hxg6 18. Be2 exf3 19. Bxf3 Qh4 20. Bg3 Qh6 21. e4 Nf6 22.
exd5 cxd5 23. h4 Ne4 24. Nxe4 dxe4 25. Bg2 Rad8 26. Qc1 Rxd4 27. c6 Bc8 28. c7
Rd2 29. Qc4 e3 30. fxe3 Qxe3+ 31. Kh2 Be6 32. Qf4 Rxg2+ 33. Kxg2 Bd5+ 34. Kh2
Qc3 35. Ra5 Qc2+ 36. Rf2 Qd1 37. Rxd5 Qxd5 38. Rd2 Qe6 39. Qd6 Qc8 40. Qd8 1-0

[Event "Rilton Cup 2013-14"]
[Site "Stockholm SWE"]
[Date "2014.01.01"]
[Round "5.23"]
[White "Evertsson, Lennart"]
[Black "Ornstein, Axel"]
[Result "0-1"]
[BlackTitle "IM"]
[WhiteElo "2186"]
[BlackElo "2334"]
[WhiteFideId "1705156"]
[BlackFideId "1700111"]
[EventDate "2013.12.27"]

1. e4 e5 2. Nf3 Nc6 3. Bc4 Bc5 4. d3 Nf6 5. c3 d6 6. b4 Bb6 7. a4 a5 8. b5 Ne7
9. Bg5 Ng6 10. Qb3 O-O 11. h3 h6 12. Bc1 c6 13. Qc2 d5 14. Bb3 Be6 15. c4 dxe4
16. dxe4 Nd7 17. Qe2 Qf6 18. O-O Nf4 19. Bxf4 Qxf4 20. Nc3 Bxh3 21. gxh3 Qg3+
22. Kh1 Qxh3+ 23. Nh2 Qxc3 24. Bc2 Rad8 25. bxc6 bxc6 26. Rab1 Nf6 27. Nf3 Nh5
28. Rxb6 Nf4 29. Qe3 Qxc2 30. Nxe5 Rd1 31. Rxd1 Qxd1+ 32. Kh2 Qh5+ 33. Kg3 Qh3+
34. Kxf4 g5# 0-1

[Event "Rilton Cup 2013-14"]
[Site "Stockholm SWE"]
[Date "2014.01.01"]
[Round "5.24"]
[White "Norlin, Egor"]
[Black "Englert, Fabian"]
[Result "0-1"]
[WhiteElo "2125"]
[BlackElo "2316"]
[WhiteFideId "1713973"]
[BlackFideId "24614467"]
[EventDate "2013.12.27"]

1. d4 Nf6 2. c4 c5 3. d5 b5 4. a4 Qa5+ 5. Bd2 b4 6. Qc2 g6 7. e4 d6 8. Bd3 Bg7
9. h3 O-O 10. Nf3 Qc7 11. O-O e5 12. dxe6 fxe6 13. Be3 e5 14. Nbd2 Nc6 15. b3
Nh5 16. Rfe1 Nf4 17. Bf1 Qe7 18. Kh2 g5 19. g3 Ne6 20. Bg2 Bd7 21. Qd3 Rf7 22.
Ng1 Raf8 23. f3 h5 24. Rf1 Ncd4 25. Rab1 Qf6 26. Ne2 Qg6 27. Bxd4 exd4 28. Kg1
Be5 29. Rfe1 Qf6 30. Nf1 Nd8 31. Nc1 Nc6 32. Rb2 Qd8 33. Ra2 Qc8 34. g4 Bf4 35.
Qe2 Ne5 36. Nd3 Be6 37. Nxe5 Bxe5 38. Rd2 hxg4 39. hxg4 Qd8 40. Rd3 Qf6 41. Red1
Rh7 42. Qe1 Qh6 43. Kf2 Bxg4 44. Ke2 Bh5 45. Ng3 g4 46. Nxh5 Qxh5 47. Kd2 gxf3 0-1

[Event "Rilton Cup 2013-14"]
[Site "Stockholm SWE"]
[Date "2014.01.01"]
[Round "5.25"]
[White "Von Bahr, Oskar"]
[Black "Olofsson-Dolk, Mattis"]
[Result "1-0"]
[WhiteTitle "FM"]
[WhiteElo "2298"]
[BlackElo "2070"]
[WhiteFideId "1703250"]
[BlackFideId "1715178"]
[EventDate "2013.12.27"]

1. c4 Nf6 2. g3 g6 3. Bg2 d5 4. cxd5 Nxd5 5. Nc3 Nb6 6. d3 Bg7 7. Be3 Nc6 8. Rc1
Nd4 9. Qd2 Nf5 10. Bc5 c6 11. Nf3 O-O 12. O-O Nd7 13. Ba3 Nd6 14. b3 Re8 15. d4
Nb6 16. Bb2 Bf5 17. Nh4 Be6 18. e4 Qd7 19. Nf3 Rad8 20. Ng5 Bh6 21. f4 Bxg5 22.
fxg5 Bh3 23. Bxh3 Qxh3 24. Qf4 Nd7 25. Na4 Qe6 26. Rce1 f5 27. d5 cxd5 28. exf5
Qxf5 29. Qd2 Ne4 30. Qd4 e5 31. Qxd5+ 1-0

[Event "Rilton Cup 2013-14"]
[Site "Stockholm SWE"]
[Date "2014.01.01"]
[Round "5.26"]
[White "Puzko, Danila"]
[Black "Zadruzny, Nicolaj"]
[Result "0-1"]
[WhiteElo "2129"]
[BlackElo "2251"]
[WhiteFideId "24153745"]
[BlackFideId "1709550"]
[EventDate "2013.12.27"]

1. e4 c5 2. c3 Nf6 3. e5 Nd5 4. d4 cxd4 5. cxd4 b6 6. Nc3 Bb7 7. Nf3 e6 8. Bd3
d6 9. Qe2 Nxc3 10. bxc3 Qc7 11. O-O Nd7 12. Bd2 dxe5 13. Nxe5 Nxe5 14. dxe5 Bc5
15. Kh1 O-O 16. Bg5 Be7 17. Bf4 Rfd8 18. Rfd1 Rac8 19. c4 g6 20. Rac1 Rd4 21.
Be3 Rd7 22. Bh6 Ba6 23. h3 Rcd8 24. f4 Rd4 25. Qf3 Bb7 26. Qg3 Ba3 27. Rc3 Bc5
28. Rf1 Qd7 29. Be2 Rd2 30. Bf3 Rxa2 31. f5 Bxf3 32. Rcxf3 exf5 33. Bg5 Re8 34.
Bf6 Rd2 35. Kh2 Rd1 36. h4 Rxf1 37. Rxf1 Qd4 38. Qf3 Qxc4 39. Rd1 Bd4 40. Qg3
Qc5 41. Rxd4 Qxd4 42. Qg5 Re6 43. h5 Rc6 0-1

[Event "Rilton Cup 2013-14"]
[Site "Stockholm SWE"]
[Date "2014.01.01"]
[Round "5.29"]
[White "Henriksson, Johan"]
[Black "Merkesvik, Sondre"]
[Result "1-0"]
[WhiteTitle "FM"]
[WhiteElo "2266"]
[BlackElo "2039"]
[WhiteFideId "1703560"]
[BlackFideId "1514350"]
[EventDate "2013.12.27"]

1. d4 Nf6 2. Nf3 g6 3. g3 Bg7 4. Bg2 c5 5. O-O cxd4 6. Nxd4 d5 7. c4 O-O 8. cxd5
Nxd5 9. Nb5 e6 10. N5c3 Nxc3 11. Nxc3 Nc6 12. Qxd8 Rxd8 13. Bg5 f6 14. Be3 Bd7
15. Rfd1 Be8 16. Nb5 Rd7 17. Rxd7 Bxd7 18. Rd1 Be8 19. Nc7 Rc8 20. Nxe6 Bh8 21.
Nc5 b6 22. Nb7 Ne5 23. Nd6 Rd8 24. Bd5+ Kf8 25. Nxe8 Kxe8 26. f4 Nd7 27. Bc6 f5
28. Bd4 Bxd4+ 29. Rxd4 Ke7 30. Rxd7+ Rxd7 31. Bxd7 Kxd7 32. Kf2 Kd6 33. Ke3 Kd5
34. Kd3 a5 35. a4 h6 36. h3 h5 37. e3 Kc5 38. e4 fxe4+ 39. Kxe4 Kb4 40. g4 hxg4
41. hxg4 Kxa4 42. f5 gxf5+ 43. gxf5 1-0